000 00743cam a2200241 a 4500
001 000005544
005 20200929151716.0
008 760105s1989 sp a 001 0 spa
020 _a843760852X
040 _aDO-SdBNP
_bspa
_cBNPHU
082 _a863.6
_bC431e
100 1 _aChacel, Rosa,
_d1898-1994.
_915667
245 1 0 _aEstación :
_bida y vuelta /
_cRosa Chacel ; edición de Shirley Mangini.
260 _aMadrid :
_bCátedra,
_c1989.
300 _a169 p. :
_bil. ;
_c18 cm.
490 1 _aLetras hispánicas
_v307
650 4 _aNovela española
_91123
650 4 _aLiteratura española
_9632
700 1 _aMangini, Shirley,
_eed.
_915668
830 0 _aLetras hispánicas ;
_v307
_94208
910 _aCatalogación derivada
910 _aWM
999 _c5343
_d5343